000 00429ntaaa2200181 4500
003 01
005 20251027202107.0
008 0714s1973 ag 01
040 _aAR-BaBN
_bspa
_cAR-BaBN
_eaacr
_dRIC
082 _a252.0000 W37
100 _aWeatherhead, Leslie D
245 _aThat immortal sea
250 _a1 ed.
260 _aNew York :
_bAbingdon Press,
_cc1953
300 _a217 p
650 _asermones
_9362
942 _cBK
999 _c15771
_d15771